000 00821nas a2200265 4500
001 BR0905199
003 BR-BrBNA
005 20231205113626.0
007 ta
008 230509b bl.|||p| |||| 00| 00por d
040 _aBR-BrBNA
_bpor
_cBiblioteca Nacional de Agricultura
041 _a(Pt)
072 _aT01; P34
100 1 _aJacques, R.J.S.
100 1 _aBento, F.M.
100 1 _aAntoniolli, Z.I.
100 1 _aCamargo, F.A. de O.
245 1 _aBiorremediação de solos contaminados com hidrocarbonetos aromáticos policíclicos
_bRevisão Bibliográfica
650 _aMICROORGANISMO
650 _aSOLO
650 _aPOLUENTE
773 0 _tCiência Rural (Brazil)
_xISSN 0103-8478
_g(Jul-Aug 2007), v. 37(4) p. 1192-1201
_wBR0905199
909 _a202311
_bLúcia
_c55
_dLúcia Elande
942 _2AGRIS
_n0
_cANA
999 _c204771
_d204771